000
00317nam a22001457a 4500
008
230720b ||||| |||| 00| 0 eng d
020
_a
9780807061428
041
_a
eng
080
_a
159.9
082
_a
159.9ELL
100
_a
25
101
_a
PSI
245
_a
WHITE COAT BLACK HAT
_c
ELLIOTT .C
942
_2
udc
_c
BK
999
_c
60185
_d
60185